| 000 | 00504nam a2200169Ia 4500 | ||
|---|---|---|---|
| 008 | 230711s9999||||xx |||||||||||||| ||und|| | ||
| 020 | _a978-81-224-1208-6 | ||
| 041 | _aENG | ||
| 082 |
_a670.285 _bBR-C |
||
| 100 | _aBrowne,Jim | ||
| 245 | 0 |
_aComputer Aided Engineering and Design _bTrends and Applications in Product Development and Production |
|
| 250 | _a1st Ed. | ||
| 260 |
_c2014 _aNew Delhi _bNew Age International Publishers |
||
| 300 | _a441p. | ||
| 650 | _aMechanical Engineering | ||
| 942 | _cBK | ||
| 999 |
_c6665 _d6665 |
||